000 00896nam a22002177a 4500
003 UA-OsUOA
001 118797
007 ta
008 20160916b un ||||| |||| 00| 0 ukr d
090 _a32:155.9
_bМ34
942 _cBK
040 _aUA-OsUOA
_bukr
_cUA-OsUOA
_dUA-OsUOA
245 _aМатеріали міждисциплінарної науково-практичної конференції студентів та молодих вчених Проблема вибору: психологічний, суспільно-політичний та інформаційний аспекти"
_b29 листопада 2012 р., м. Острог
_cза заг. ред. О. В. Матласевич
300 _a120 с.
955 _a1
041 _aukr
080 _a32:155.9
260 _aОстрог
_bНаУОА
_c2013
650 7 _a32 Політика
_2UDC
999 _c404906
_d404906